[Event "Chioggia op-B 10th"]
[Site "Chioggia"]
[Date "2015.10.09"]
[Round "1"]
[White "Belloni, Umberto"]
[Black "Moretto, Pietro"]
[Result "1-0"]
[WhiteElo "1798"]
[BlackElo "1629"]
[PlyCount "115"]
[EventDate "2015.10.09"]
[EventType "swiss"]
[EventRounds "5"]
[EventCountry "ITA"]
[SourceTitle "EXT 2022"]
[Source "ChessBase"]
[SourceDate "2021.10.06"]
[SourceVersion "1"]
[SourceVersionDate "2021.10.06"]
[SourceQuality "1"]

1. d4 Nf6 2. c3 e6 3. Bg5 Be7 4. e3 b6 5. Bxf6 Bxf6 6. f4 Bh4+ 7. g3 Bb7 8. Nf3 Be7 9. Bd3 d6 10. 0-0 Nd7 11. Qa4 0-0 12. Qc2 h6 13. Nbd2 c5 14. Be4 d5 15. Bd3 cxd4 16. exd4 a6 17. a4 Rc8 18. Qb3 Nf6 19. Rfe1 Ne8 20. Ne5 Nd6 21. Qd1 Qc7 22. Qh5 b5 23. axb5 axb5 24. Ng4 f5 25. Nxh6+ gxh6 26. Qg6+ Kh8 27. Qxh6+ Kg8 28. Qg6+ Kh8 29. Rxe6 Rf7 30. Bxf5 Rxf5 31. Qh6+ Kg8 32. g4 Rf6 33. Rxf6 Bxf6 34. Qxf6 Ne4 35. Nxe4 dxe4 36. Qe6+ Kf8 37. Qf6+ Kg8 38. Re1 Rf8 39. Qg5+ Kh7 40. Re3 Qg7 41. Qxg7+ Kxg7 42. f5 Kf6 43. Kf2 Kg5 44. Kg3 Rh8 45. b3 Bd5 46. c4 Bc6 47. d5 Bb7 48. Rxe4 bxc4 49. bxc4 Ra8 50. h4+ Kf6 51. Kf4 Rh8 52. g5+ Kf7 53. Ke5 Re8+ 54. Kd4 Rh8 55. c5 Rd8 56. Re5 Rh8 57. c6 Rxh4+ 58. Re4 1-0